HEALTH AND SOCIAL CARE (Record no. 17140)

MARC details
000 -LEADER
fixed length control field 00385nam a22001697a 4500
003 - CONTROL NUMBER IDENTIFIER
control field OSt
005 - DATE AND TIME OF LATEST TRANSACTION
control field 20211108125651.0
008 - FIXED-LENGTH DATA ELEMENTS--GENERAL INFORMATION
fixed length control field 211108b |||||||| |||| 00| 0 eng d
020 ## - INTERNATIONAL STANDARD BOOK NUMBER
International Standard Book Number 9780748784042
040 ## - CATALOGING SOURCE
Transcribing agency HU
082 ## - DEWEY DECIMAL CLASSIFICATION NUMBER
Classification number 362.10425
100 ## - MAIN ENTRY--PERSONAL NAME
Personal name LANGRIDGE ELEANOR
9 (RLIN) 17275
245 ## - TITLE STATEMENT
Title HEALTH AND SOCIAL CARE
260 ## - PUBLICATION, DISTRIBUTION, ETC.
Name of publisher, distributor, etc. HALL
Date of publication, distribution, etc. 2007
300 ## - PHYSICAL DESCRIPTION
Extent 395
942 ## - ADDED ENTRY ELEMENTS (KOHA)
Source of classification or shelving scheme Dewey Decimal Classification
Koha item type Books like text book referance book
Suppress in OPAC No
Holdings
Withdrawn status Lost status Source of classification or shelving scheme Damaged status Not for loan Home library Current library Shelving location Date acquired Total Checkouts Full call number Barcode Date last seen Copy number Price effective from Koha item type
    Dewey Decimal Classification     Social Library Social Library General Stacks 11/08/2021   362,10425/LAN SHLIB 00002898 11/08/2021 C1 11/08/2021 Books like text book referance book